| Tag |
First Indicator |
Second Indicator |
Subfields |
| LEADER |
00000cam a2200000Ia 4500 |
| 001 |
in00002785981 |
| 006 |
m o d |
| 007 |
cr cn||||||||| |
| 008 |
120501s2012 utu oq 001 0 eng d |
| 005 |
20250816210013.2 |
| 010 |
|
|
|z 2012017530
|
| 020 |
|
|
|z 9781607812074 (pbk. : alk. paper)
|
| 020 |
|
|
|z 9781607812234 (ebook)
|
| 035 |
|
|
|a (CaPaEBR)ebr10608558
|
| 040 |
|
|
|a CaPaEBR
|c CaPaEBR
|d UtOrBLW
|
| 050 |
1 |
4 |
|a PN2287.E37
|b N49 2012eb
|
| 082 |
0 |
4 |
|a 791.4302/8092
|2 23
|
| 245 |
0 |
0 |
|a New essays on Clint Eastwood /
|c edited by Leonard Engel ; foreword by Drucilla Cornell.
|
| 264 |
|
1 |
|a Salt Lake City :
|b University of Utah Press,
|c [2012]
|
| 264 |
|
4 |
|c ©2012
|
| 300 |
|
|
|a 1 online resource (x, 313 pages)
|
| 336 |
|
|
|a text
|b txt
|2 rdacontent
|
| 337 |
|
|
|a computer
|b c
|2 rdamedia
|
| 338 |
|
|
|a online resource
|b cr
|2 rdacarrier
|
| 500 |
|
|
|a Includes filmography and index.
|
| 500 |
|
|
|a Electronic resource.
|
| 600 |
1 |
0 |
|a Eastwood, Clint,
|d 1930-
|x Criticism and interpretation.
|
| 650 |
|
0 |
|a Motion picture actors and actresses
|z United States.
|
| 655 |
|
7 |
|a Electronic books.
|2 local
|
| 700 |
1 |
|
|a Engel, Leonard,
|d 1936-
|
| 710 |
2 |
|
|a ebrary, Inc.
|
| 856 |
4 |
0 |
|u https://ebookcentral.proquest.com/lib/tamucs/detail.action?docID=3443865
|y Connect to the full text of this electronic book
|t 0
|
| 980 |
|
|
|a 121106
|b 24.95
|c USD
|e 37.43
|f YBP_EBR0000046136
|g 1
|
| 999 |
f |
f |
|s 8b8bb62c-31c3-3561-9f13-fde241646640
|i b024b94a-19ae-3e0f-8362-d1bb2860f0a7
|t 0
|
| 999 |
|
|
|a MARS
|
| 952 |
f |
f |
|a Texas A&M University
|b College Station
|c Electronic Resources
|d Available Online
|t 0
|e PN2287.E37 N49 2012eb
|h Library of Congress classification
|
| 998 |
f |
f |
|a PN2287.E37 N49 2012eb
|t 0
|l Available Online
|